| 000 | 01143nam a22002777a 4500 | ||
|---|---|---|---|
| 003 | OSt | ||
| 005 | 20250604134445.0 | ||
| 008 | 250604b |||||||| |||| 00| 0 eng d | ||
| 020 | _a9780123918949 (hardcover) | ||
| 040 |
_aNUST _beng _cNUST _dNUST _erda |
||
| 050 | _aQC903 CLI | ||
| 245 |
_aClimate vulnerability understanding and addressing threats to essential resources ; volume 4 : _bVulnerability off ecosystems to climate / _cEdited by Roger A. Piekle with volume editors Timothy R. Seastedt and Katharine Suding. |
||
| 260 |
_aAmsterdam : _bElsevier, _c2013. |
||
| 300 |
_axxxvii, 355 pages : _bIllustrations ; _c28 cm. |
||
| 336 |
_2rdamedia _atext _btxt |
||
| 337 |
_2rdamedia _aunmediated _bn |
||
| 338 |
_2rdamedia _avolume _bnc |
||
| 504 | _aIncludes bibliographical references and index. | ||
| 650 | _vGlobal warming & climate change. | ||
| 650 | _vEnvironmental science. | ||
| 650 | _v Science Physics Physics Meteorology. Climatology. | ||
| 700 |
_aPielke, Roger A _eEditor |
||
| 700 |
_aSeastedt, Timothy R _eEditor |
||
| 700 |
_aSuding, Katharine _eEditor |
||
| 942 |
_2lcc _cBOOKS _hQC903 CLI _kQC _mCLI _n0 |
||
| 999 |
_c171971 _d171971 |
||